|
|
|
|
| LEADER |
00000naa0a2200000 4500 |
| 001 |
594987 |
| 005 |
20250220131600.0 |
| 035 |
|
|
|a (RuTPU)RU\TPU\tpu\12369
|
| 035 |
|
|
|a RU\TPU\tpu\12368
|
| 090 |
|
|
|a 594987
|
| 100 |
|
|
|a 20050615d1986 k y0rusy50 ca
|
| 101 |
0 |
|
|a rus
|
| 102 |
|
|
|a RU
|
| 200 |
1 |
|
|a Эффект электрострикции в полупроводниках при облучении их мощными пучками электронов
|f Е. А. Аркаев, А. А. Беспалько, Р. В. Тонн
|
| 461 |
|
|
|t 4 Всесоюзный симпозиум по сильноточной электронике
|o тезисы докладов
|
| 463 |
|
|
|t Ч. 3
|v С. 134-135
|d 1986
|
| 610 |
1 |
|
|a симпозиумы
|
| 610 |
1 |
|
|a электрострикция
|
| 610 |
1 |
|
|a полупроводники
|
| 610 |
1 |
|
|a мощные пучки
|
| 610 |
1 |
|
|a электроны
|
| 610 |
1 |
|
|a облучение
|
| 610 |
1 |
|
|a труды учёных ТПУ
|
| 700 |
|
1 |
|a Аркаев
|b Е. А.
|
| 701 |
|
1 |
|a Беспалько
|b А. А.
|
| 701 |
|
1 |
|a Тонн
|b Р. В.
|
| 801 |
|
1 |
|a RU
|b 63413507
|c 20050615
|g PSBO
|
| 801 |
|
2 |
|a RU
|b 63413507
|c 20100429
|g PSBO
|
| 942 |
|
|
|c BK
|